Language Quiz

Random Language or Letter Quiz

Swapping Halves Quiz Stats

Quiz Updated Jul 22, 2012

Also try: Letter Swap
Challenge
Share
Tweet
Embed
Score 0/20 Timer 05:00
0 Plays Today
Hint Four-letter word % Correct
A very small opening, especially in skinpore → repo
82.7%
Animal rights organizationPETA → tape
81.9%
Son of Adam and EveCain → Inca
81.5%
First name of clothing company founder StraussLevi → vile
81.4%
Capital of PeruLima → Mali
80.6%
New ZealanderKiwi → wiki
79.6%
Bus driver from 'The Simpsons'Otto → toot
78.2%
'The kissing disease'mono → Nomo
77.1%
'Something' in Spanishalgo → goal
76.6%
To give a glowing reviewrave → Vera
76.5%
Hint Four-letter word % Correct
Used with 'or' when making a threatelse → Seel
76%
Dark Angel actress JessicaAlba → Baal
74.7%
Arrested Development actor MichaelCera → race
71.2%
Upon (or surjective)onto → toon
64.8%
'K' in the NATO phonetic alphabetkilo → Loki
58.9%
Miles per hour, for examplerate → tera
58.3%
Inverted U shape in constructionarch → char
51.6%
Star Trek's Lieutenant Commander androidData → ta-da
41%
An IOU in a game on paperchit → itch
37.2%
Self-referentialmeta → tame
29.8%

You're not logged in!

Compare scores with friends on all Sporcle quizzes.
Sign Up with Email
OR
Log In

You Might Also Like...

Show Comments

Extras

Top Quizzes Today


Score Distribution

Your Account Isn't Verified!

In order to create a playlist on Sporcle, you need to verify the email address you used during registration. Go to your Sporcle Settings to finish the process.